000
00272nam a2200109Ia 4500
008
190911s9999||||xx |||||||||||||| ||und||
100
_a
Haroon-Ur-Rasheed
245
0
_a
Pakistan The Successful Culmination
260
_a
Lahore
_b
Royal Book
_c
1996
300
_a
414
942
_c
BK
999
_c
6921
_d
6921